000 00536nam a2200181Ia 4500
005 20250317123059.0
008 008 250317s9999 xx 000 0 eng d
037 _aTextbook
040 _aFMSL
_beng
_cFMSL
041 _aeng
_2eng
084 _aD658(2:55) N8
_qFMSL
100 _aMurray-shelley R
_9739967
245 0 _aTeach yourself books: computer programming
260 _aLondon
_bLondon, E University
_c1968
300 _a224p
942 _cTB
_hD658(2:55) N8
999 _c1249784
_d1249784